One-Hit Wonders by Country - Statistics

General Stats
  • This quiz has been taken 15 times
  • The average score is 10 of 21
Answer Stats
Hint Answer % Correct
"99 Luftballons" - Nena, 1983 Germany
100%
"Gangnam Style" - Psy, 2012 South Korea
100%
"Rock Me Amadeus" - Falco, 1985 Austria
73%
"Macarena" - Los Del Rio, 1995 Spain
73%
"Take On Me" - A-ha, 1985 Norway
67%
"Ça Plane Pour Moi" - Plastic Bertrand, 1977 Belgium
53%
"Barbie Girl" - Aqua, 1999 Denmark
53%
"All the Things She Said" - t.A.T.u., 2002 Russia
53%
"Mickey" - Toni Basil, 1982 United States
53%
"Somebody That I Used to Know" - Gotye, 2011 Australia
47%
"Tubthumping" - Chumbawumba, 1997 United Kingdom
47%
"Who Let the Dogs Out" - Baha Men, 2000 Bahamas
40%
"C'est La Vie" - B*Witched, 1998 Ireland
33%
"Dragostea Din Tei" - O-Zone, 2003 Moldova
33%
"Save Tonight" - Eagle-Eye Cherry, 1997 Sweden
33%
"Blue (Da Ba Dee)" - Eiffel 65, 1998 Italy
27%
"How Bizarre" - OMC, 1995 New Zealand
27%
"Steal My Sunshine" - Len, 1999 Canada
20%
"Freestyler" - Bomfunk MC's, 2000 Finland
20%
"Snap" - Rosa Linn, 2022 Armenia
13%
"Cheerleader" - OMI, 2014 Jamaica
7%
No matching quizzes found
Score Distribution
Percent of People with Each Score
Percentile by Number Answered
Your Score History
You have not taken this quiz